| 000 | 00932nam a22002177a 4500 | ||
|---|---|---|---|
| 999 |
_c13847 _d13847 |
||
| 003 | AR-CdUCM | ||
| 008 | 190416b ||||| |||| 00| 0 spa d | ||
| 040 |
_aMUNICIPALIDAD PROVINCIAL DEL CUSCO _cBIBLIOTECA MUNICIPAL DEL CUSCO |
||
| 082 |
_a584.91 / _bH89 |
||
| 100 |
_aHuisa Jordán, Timoteo, _932419 |
||
| 245 | _aSelección de pastos naturales en los andes del Perú / | ||
| 260 |
_aCusco : _bUniversidad Nacional de San Antonio Abad del Cusco, Facultad de Agronomía y Zootecnia, _c2004. |
||
| 300 |
_a119 paginas ; _bIlustraciones, _c20 cm. |
||
| 505 | _aContenido :Estructura y morfología de las gramíneas --Descripción de las gramíneas clave para la determinación de géneros --Pastos mas seleccionados por la ganadería andina ... | ||
| 650 |
_aPastos _921174 |
||
| 650 |
_aNomenclatura _920570 |
||
| 650 |
_aPlantas forrajeras _921173 |
||
| 650 |
_aAndes _9319 |
||
| 942 |
_2ddc _cLIBROS |
||
| 945 |
_arjall _d2019-04-16 |
||